| 000 | 003580000a22001330004500 | ||
|---|---|---|---|
| 050 | 4 | _aCD 030 | |
| 245 | 1 | 0 | _aChristian Classics Ethereal Library v.4 / Overseas Council International |
| 260 | _a[S.L] : [S.N.] | ||
| 001 | 13599 | ||
| 942 | _cBK | ||
| 999 |
_c42556 _d42556 |
||
| 336 |
_atexto _btxt _2rdacontent |
||
| 337 |
_2rdamedia _asin mediación _bn |
||
| 338 |
_2rdacarrier _avolumen _bnc |
||